| 000 | 00968nam a2200289 a 4500 | ||
|---|---|---|---|
| 001 | 45312 | ||
| 003 | BD-RjUL | ||
| 005 | 20211209054008.0 | ||
| 008 | 160725s1962 maua b 001 0 eng | ||
| 035 | _a(BD-RjUL)45430 | ||
| 040 |
_aDLC _cDLC _dm.c _dBD-RjUL _beng |
||
| 041 | _aeng | ||
| 082 |
_223 _a330.162 _bCHT 1962 |
||
| 100 | 1 |
_aChamberlin, Edward Hastings _9138749 |
|
| 245 | 0 | 4 |
_aThe theory of monopolistic competition : _ba re-orientation of the theory of value / _c Edward Hastings Chamberlin |
| 250 | _a8th ed. | ||
| 260 |
_aCambridge, Mass : _bHarvard University Press, _cc1962. |
||
| 300 |
_axiv, 396 p. : _bill. ; _c22 cm. |
||
| 490 | 1 |
_aHarvard economic studies ; _vv. 38 |
|
| 504 | _aInclude bibliography and index. | ||
| 650 | 0 |
_aValue _9138783 |
|
| 650 | 0 |
_aMonopolistic competition. _9138784 |
|
| 650 | 0 |
_aPrices _9138785 |
|
| 650 | 0 |
_aEconomics, Mathematical _9138786 |
|
| 830 | 0 |
_aHarvard economic studies ; _vv. 38. _9138788 |
|
| 942 |
_2ddc _cBK |
||
| 999 |
_c45312 _d45312 |
||